01152cam a22002411 4500001001300000003000400013005001700017008004100034010001700075040002200092041001300114043001200127050001900139100001800158240005900176245016400235260019400399300003200593500021000625504003000835650002800865999001700893he 67000068 DLC20260227111443.0850912s1965 is a b 000 0 eng  ahe 67000068  aDLC/ICUcICUdDLC1 aenghrus ae-ur---00aQL425.R9bZ4731 aZhadin, V. I.10aMolli͡uski presnykh i solonovatykh vod SSSR.lEnglish10aMollusks of fresh and brackish waters of the U.S.S.R.b(Mollyuski presnykh i solonovatykh vod SSSR)c[by] V.I. Zhadin. Translated from Russian [by A. Mercado]. aJerusalem,bIsrael Program for Scientific Translations;b[available from the U.S. Dept. of Commerce, Clearinghouse for Federal Scientific and Technical Information, Springfield, Va.]c1965. axvi, 368 p.billus.c24 cm. aAt head of title: Academy of Sciences of the Union of Soviet Socialist Republics. Keys to the fauna of the U.S.S.R., published by the Zoological Institute of the Academy of Sciences of the U.S.S.R., no.46. aBibliography: p. 307-357. 0aMolluskszSoviet Union. c32075d32075